Harry Potter - Locate it Quiz Stats

 Plays Quiz not verified by Sporcle

Also try: Master Librarian
Challenge
Share
Tweet
Embed
Score 0/20 Timer 07:00
0 Plays Today
Item Location % Correct
The Weasley status clock The Burrow
95.2%
Salazar's monster The Chamber of Secrets
93.9%
The Sorting Hat Hogwarts Headmaster's Office
93.9%
The broken Vanishing Cabinet The Room of Requirement
93.5%
Dementors (not anymore) Azkaban Prison
93.4%
The Restricted Section Hogwart's Library
93%
Vault 713 Gringotts Bank
93%
Fang Hagrid's Hut
92.8%
Aragog and family The Forbidden Forest
92.7%
Butterbeer The Three Broomsticks, The Leaky Cauldron, and The Hogs Head
90.4%
Item Location % Correct
Portrait of the Fat Lady Gryffindor Tower
88.6%
Platform Nine and Three Quarters Kings Cross Train Station
87.4%
One's deepest desires The Mirror of Erised
84.4%
The cupboard under the stairsNumber 4 Privet Drive
82.8%
Statue of Harry, James, and Lily Godric's Hollow
82.3%
The other Vanishing Cabinet Borgin and Burkes
80.8%
Statue of Rowena with replica of her Diadem Ravenclaw Tower
79%
The Giant Squid The Hogwarts Lake
77.5%
Walburga Black's (Sirius' Mother's) Portrait Number 12 Grimmauld Place
76.9%
Basic Blaze Boxes, Canary Creams, Fake WandsWeasleys' Wizard Wheezes
60.8%

You're not logged in!

Compare scores with friends on all Sporcle quizzes.
OR
Log In

You Might Also Like...

Show Comments

Extras

Created Apr 14, 2010ReportNominate
Tags:Harry Potter Quiz, item, location

Top Quizzes Today


Score Distribution

Your Account Isn't Verified!

In order to create a playlist on Sporcle, you need to verify the email address you used during registration. Go to your Sporcle Settings to finish the process.

Report this User

Report this user for behavior that violates our Community Guidelines.

Details: